Estudio y documentación complementaria de la condición del suministro de potencia eléctrico del manejador de lámparas FEL del LAFTLA (laboratoio de fotónica y tecnología láser)
Salvato in:
| Autore principale: | |
|---|---|
| Natura: | Libro |
| Lingua: | Spanish |
| Pubblicazione: |
[San José, Costa Rica]
2011
|
| Soggetti: | |
| Tags: |
Aggiungi Tag
Nessun Tag, puoi essere il primo ad aggiungerne!!
|
MARC
| LEADER | 00000nam a22000007a 4500 | ||
|---|---|---|---|
| 003 | 010631 | ||
| 005 | 20221231143933.0 | ||
| 008 | 151111b2011 cr a|||| |||| 00| 0 spa d | ||
| 040 | |c cru CEDI | ||
| 090 | |a TFG 6463 | ||
| 100 | |9 906 |a Solano Rivera, Juan Diego | ||
| 245 | |a Estudio y documentación complementaria de la condición del suministro de potencia eléctrico del manejador de lámparas FEL del LAFTLA (laboratoio de fotónica y tecnología láser) | ||
| 260 | |a [San José, Costa Rica] |c 2011 | ||
| 500 | |a "IE-0502 Proyecto Eléctrico" Proyecto de graduación (bachillerato en ingeniería eléctrica)--Universidad de Costa Rica. Facultad de Ingeniería. Escuela de Ingeniería Electrica | ||
| 650 | |x INGENIERÍA ELÉCTRICA |x OPTICA ELECTRONICA |x FOTOMETRIA |x LUZ |x LUMINISCENCIA |x TRANSFORMADORES ELECTRICOS |9 2257 | ||
| 942 | |c TFG | ||
| 999 | |c 14487 |d 14487 | ||
